[Event "SK Münster 2 - SC Klein-Berlin Rheine 1"]
[Site "Regionalliga 2015/2016"]
[Date "2015.12.05"]
[Round "4.3"]
[White "Henneberger, Sven"]
[Black "Kammers, Heribert"]
[Result "1/2-1/2"]
[WhiteElo "2109"]
[BlackElo "2043"]
[PlyCount "91"]
[EventDate "2015.??.??"]
[SourceDate "2015.09.11"]

1. d4 d5 2. Nf3 e6 3. e3 Nf6 4. Bd3 c5 5. b3 Nc6 6. a3 Bd6 7. Bb2 O-O 8. Nbd2
b6 9. O-O Bb7 10. Ne5 Rc8 11. f4 Ne7 12. Qe2 Ne4 13. c4 cxd4 14. exd4 Nxd2 15.
Qxd2 Nf5 16. cxd5 Bxd5 17. Nc4 Bb8 18. Ne3 Nxe3 19. Qxe3 h6 20. b4 Qd6 21. b5
Bc4 22. a4 Rfd8 23. Rf2 Bxd3 24. Qxd3 Qd5 25. Qh3 f5 26. Qh5 Bd6 27. Qe2 Re8
28. a5 Qc4 29. axb6 axb6 30. Ra6 Qxe2 31. Rxe2 Rb8 32. g3 Re7 33. Rc2 Rc7 34.
Rxc7 Bxc7 35. Ra7 Rc8 36. Kf1 g5 37. fxg5 hxg5 38. Rb7 g4 39. Ke1 Kf8 40. Bc1
Ke8 41. Kd1 Bd8 42. Bf4 Rc4 43. Be5 Rb4 44. Rb8 Kd7 45. Rb7+ Kc8 46. Rb8+
1/2-1/2

[Event "SK Münster 2 - SC Klein-Berlin Rheine 1"]
[Site "Regionalliga 2015/2016"]
[Date "2015.12.05"]
[Round "4.4"]
[White "Müschenich, Stefan"]
[Black "Langhanke, Günther"]
[Result "1-0"]
[WhiteElo "2082"]
[BlackElo "1986"]
[PlyCount "125"]
[EventDate "2015.??.??"]
[SourceDate "2015.09.11"]

1. e4 c5 2. Nf3 Nc6 3. Bb5 d6 4. c4 e5 5. Nc3 Nf6 6. d3 Be7 7. h3 h6 8. Be3 Bd7
9. a3 Nd4 10. Bxd7+ Qxd7 11. b4 b6 12. Rb1 O-O 13. O-O Nh7 14. bxc5 bxc5 15.
Bxd4 cxd4 16. Nd5 Nf6 17. Nxf6+ Bxf6 18. Qb3 Rac8 19. Qb5 Qxb5 20. Rxb5 Bd8 21.
Rfb1 Bb6 22. Nd2 f6 23. a4 Rc6 24. Kf1 Rfc8 25. Ke2 Kf8 26. g4 Ke8 27. h4 Bd8
28. h5 Ra6 29. Ra1 Ba5 30. Nf3 Bc3 31. Ra3 Rc7 32. Nh4 Rb6 33. Nf5 Bb4 34. Rb3
Rxb5 35. axb5 Bc5 36. Rb1 Kf7 37. f4 Ke6 38. Kf3 Rb7 39. Rg1 exf4 40. Kxf4 Rd7
41. Ra1 Kf7 42. Nh4 Re7 43. Ng6 Re8 44. Kf3 Rc8 45. Ke2 Ke6 46. Kd2 Kd7 47. Kc2
Kc7 48. Ne7 Rf8 49. Rf1 Kb7 50. Rf5 Rf7 51. Nc6 Rd7 52. Rd5 a6 53. Nxd4 Bxd4
54. Rxd4 axb5 55. cxb5 Kb6 56. Rd5 Rd8 57. Kd2 Kc7 58. Ke3 Ra8 59. Kf4 Ra1 60.
Kf5 Rg1 61. b6+ Kxb6 62. Rxd6+ Kc7 63. Rd4 1-0

[Event "SK Münster 2 - SC Klein-Berlin Rheine 1"]
[Site "Regionalliga 2015/2016"]
[Date "2015.12.05"]
[Round "4.5"]
[White "Langhans, Jörg"]
[Black "Virnyi, Julius"]
[Result "0-1"]
[WhiteElo "1937"]
[BlackElo "2087"]
[PlyCount "64"]
[EventDate "2015.??.??"]
[SourceDate "2015.09.11"]

1. e4 c5 2. Nc3 Nc6 3. Bb5 g6 4. Bxc6 dxc6 5. f4 Bg7 6. d3 Nf6 7. Nf3 O-O 8.
O-O Ne8 9. Qe1 Nc7 10. f5 e6 11. fxg6 hxg6 12. Bg5 f6 13. Be3 e5 14. Bxc5 Re8
15. Nh4 Ne6 16. Be3 Nf8 17. Qg3 Kh7 18. Bc5 g5 19. Nf5 Ne6 20. Be3 Rh8 21. h4
Nf4 22. Nxg7 Kxg7 23. hxg5 fxg5 24. d4 Rh4 25. Bxf4 exf4 26. Qd3 Be6 27. Rad1
Bg4 28. Ne2 Qh8 29. Kf2 Rh2 30. Rg1 Qh4+ 31. Kf1 f3 32. Nf4 f2 0-1

[Event "SK Münster 2 - SC Klein-Berlin Rheine 1"]
[Site "Regionalliga 2015/2016"]
[Date "2015.12.05"]
[Round "4.6"]
[White "Borrink, Jörn"]
[Black "Brümmer, Andreas"]
[Result "1/2-1/2"]
[WhiteElo "2086"]
[BlackElo "1921"]
[PlyCount "86"]
[EventDate "2015.??.??"]
[SourceDate "2015.09.11"]

1. e4 d6 2. d4 Nf6 3. Nc3 e5 4. dxe5 dxe5 5. Qxd8+ Kxd8 6. Bc4 Be6 7. Bxe6 fxe6
8. f3 a6 9. Be3 Nbd7 10. O-O-O Bd6 11. Nh3 Ke7 12. Nf2 Bc5 13. Rhe1 Rad8 14.
Nd3 Bxe3+ 15. Rxe3 c5 16. b3 c4 17. Nb2 cxb3 18. axb3 Nb6 19. Nba4 Nxa4 20.
Nxa4 Rxd1+ 21. Kxd1 Rc8 22. Kd2 b5 23. Nb2 Nd7 24. Nd3 a5 25. Re1 Kd6 26. Ra1
Ra8 27. b4 a4 28. c4 bxc4 29. Nb2 c3+ 30. Kxc3 Nb6 31. Nc4+ Kc6 32. b5+ Kc5 33.
Nxb6 Kxb6 34. Kb4 a3 35. Rxa3 Rxa3 36. Kxa3 Kxb5 37. Kb3 Kc5 38. Kc3 g6 39. Kd3
h6 40. Kc3 Kb5 41. h4 Kc5 42. g3 g5 43. hxg5 hxg5 1/2-1/2

[Event "SK Münster 2 - SC Klein-Berlin Rheine 1"]
[Site "Regionalliga 2015/2016"]
[Date "2015.12.05"]
[Round "4.7"]
[White "Averkamp-Peters, Jens"]
[Black "Kubo, Thomas"]
[Result "0-1"]
[WhiteElo "1935"]
[BlackElo "2028"]
[PlyCount "46"]
[EventDate "2015.??.??"]
[SourceDate "2015.09.11"]

1. e4 c6 2. d4 d5 3. Nc3 dxe4 4. Nxe4 Bf5 5. Ng3 Bg6 6. Nf3 Nd7 7. Bd3 e6 8.
O-O Ngf6 9. c4 Bd6 10. Bg5 Qc7 11. Rc1 O-O 12. Bxg6 hxg6 13. Re1 Rfe8 14. Ne4
Nxe4 15. Rxe4 Nf6 16. Rh4 Rad8 17. Qb3 c5 18. d5 exd5 19. cxd5 Re2 20. Kf1 Ree8
21. Nd2 Qe7 22. Ne4 Nxe4 23. Qh3 f6 0-1

[Event "SK Münster 2 - SC Klein-Berlin Rheine 1"]
[Site "Regionalliga 2015/2016"]
[Date "2015.12.05"]
[Round "4.8"]
[White "Niermann, Rainer"]
[Black "Hemmert, Michael"]
[Result "1-0"]
[WhiteElo "2002"]
[BlackElo "1856"]
[PlyCount "37"]
[EventDate "2015.??.??"]
[SourceDate "2015.09.11"]

1. e4 g6 2. d4 Bg7 3. Nf3 d6 4. Bc4 Nf6 5. Qe2 c5 6. e5 dxe5 7. dxe5 Nd5 8. O-O
Nc6 9. Rd1 e6 10. Nc3 Nce7 11. Bg5 Qb6 12. Bxd5 Nxd5 13. Ne4 O-O 14. c4 f6 15.
cxd5 fxg5 16. dxe6 g4 17. Nfg5 Bxe5 18. e7 Re8 19. Qc4+ 1-0

[Event "SC Steinfurt 1 - SG Turm Raesfeld/Erle"]
[Site "Regionalliga 2015/2016"]
[Date "2015.12.12"]
[Round "4.1"]
[White "Wilger, Frank"]
[Black "Winnemöller, Bernd"]
[Result "1/2-1/2"]
[WhiteElo "2097"]
[BlackElo "1983"]
[PlyCount "81"]
[EventDate "2015.??.??"]
[SourceDate "2015.09.11"]

1. d4 Nf6 2. Nf3 d5 3. e3 Bf5 4. c4 c6 5. Nc3 Nbd7 6. Qb3 Qb6 7. Qxb6 Nxb6 8.
cxd5 Nfxd5 9. a3 e6 10. e4 Nxc3 11. exf5 Ncd5 12. fxe6 f6 13. g3 Bd6 14. Bh3
O-O 15. O-O Rfe8 16. Re1 g6 17. Bh6 Bf8 18. Bxf8 Kxf8 19. Nd2 f5 20. Re5 Kg7
21. a4 Nb4 22. a5 N6d5 23. Bf1 Nc2 24. Ra4 b5 25. axb6 Nxb6 26. Ra6 Nxd4 27.
Rea5 Nc8 28. Bc4 Rb8 29. b3 Rb6 30. Kg2 Nxe6 31. Nf3 Nc7 32. Rxb6 axb6 33. Ra1
c5 34. h4 Re7 35. Rd1 b5 36. Bf1 Nb6 37. Rd6 Re6 38. Rxe6 Nxe6 39. Bxb5 Kf6 40.
Ba6 h6 41. Kf1 1/2-1/2

[Event "SC Steinfurt 1 - SG Turm Raesfeld/Erle"]
[Site "Regionalliga 2015/2016"]
[Date "2015.12.12"]
[Round "4.2"]
[White "Haselhorst, Helmut"]
[Black "Greifenberg, Daniel"]
[Result "1/2-1/2"]
[WhiteElo "2115"]
[BlackElo "2004"]
[PlyCount "66"]
[EventDate "2015.??.??"]
[SourceDate "2015.09.11"]

1. Nf3 d5 2. g3 Nf6 3. Bg2 Bg4 4. d4 e6 5. O-O Bd6 6. c4 c6 7. Nc3 Nbd7 8. Qb3
Rb8 9. cxd5 exd5 10. e4 Nxe4 11. Nxe4 dxe4 12. Ng5 O-O 13. Nxe4 Bc7 14. Bg5 Qe8
15. Rfe1 Be6 16. Qa3 f6 17. Bd2 Qc8 18. Rac1 Nb6 19. Bb4 Re8 20. b3 Nd5 21. Bd6
Bf7 22. Bxc7 Qxc7 23. Nd6 Rxe1+ 24. Rxe1 a6 25. Nxf7 Kxf7 26. Qc5 Rd8 27. h4
Qd6 28. Qc2 g6 29. h5 Rd7 30. hxg6+ hxg6 31. Re4 Re7 32. Rh4 Kg7 33. Qd2 g5
1/2-1/2

[Event "SC Steinfurt 1 - SG Turm Raesfeld/Erle"]
[Site "Regionalliga 2015/2016"]
[Date "2015.12.12"]
[Round "4.3"]
[White "Gesing, Felix"]
[Black "Grälken, Matthias"]
[Result "1/2-1/2"]
[WhiteElo "1964"]
[BlackElo "2018"]
[PlyCount "55"]
[EventDate "2015.??.??"]
[SourceDate "2015.09.11"]

1. d4 Nf6 2. Nf3 e6 3. e3 c5 4. Bd3 b6 5. O-O Be7 6. b3 cxd4 7. exd4 O-O 8. Bb2
Bb7 9. c4 d6 10. Nc3 Nbd7 11. Re1 Re8 12. Ng5 Nf8 13. Nge4 a6 14. Rc1 Rc8 15.
Qf3 Qc7 16. Ba3 Rcd8 17. Qg3 Qb8 18. Nxf6+ Bxf6 19. Ne4 Be7 20. Bb2 d5 21. Qxb8
Rxb8 22. cxd5 exd5 23. Ng3 Bg5 24. Rcd1 g6 25. Bc1 Bf6 26. Be3 Ne6 27. Ne2 Bg7
28. Rc1 1/2-1/2

[Event "SC Steinfurt 1 - SG Turm Raesfeld/Erle"]
[Site "Regionalliga 2015/2016"]
[Date "2015.12.12"]
[Round "4.5"]
[White "Pliete, Christian"]
[Black "Yust, Evgeniy"]
[Result "0-1"]
[WhiteElo "1826"]
[BlackElo "1924"]
[PlyCount "94"]
[EventDate "2015.??.??"]
[SourceDate "2015.09.11"]

1. e4 c6 2. d4 d5 3. exd5 cxd5 4. Bd3 Nf6 5. c3 g6 6. Nd2 Bg7 7. Ne2 O-O 8. Ng3
Nc6 9. h4 e5 10. dxe5 Nxe5 11. Be2 Re8 12. Nb3 Bg4 13. Nd4 Bxe2 14. Ndxe2 Neg4
15. O-O h6 16. Nd4 Qc7 17. Qf3 Ne5 18. Qd1 Qe7 19. Bf4 Ne4 20. Nxe4 dxe4 21.
Bg3 Nd3 22. Qb3 a6 23. Rad1 Qc5 24. Ne2 b5 25. Nf4 Qc4 26. Nxd3 exd3 27. Qxc4
bxc4 28. b3 Bxc3 29. bxc4 d2 30. Bf4 Re2 31. Bxh6 Rc8 32. Be3 Rxc4 33. g3 Re4
34. Kh1 Kg7 35. Kg1 Kf6 36. Rb1 Rb4 37. Rbd1 Kf5 38. Kg2 Ke4 39. Rh1 Rb5 40. g4
Kd3 41. Kf3 a5 42. h5 a4 43. hxg6 fxg6 44. Rh7 Rd5 45. Rc7 Bd4 46. Bxd2 Rxf2+
47. Kg3 Ke2 0-1

[Event "SC Steinfurt 1 - SG Turm Raesfeld/Erle"]
[Site "Regionalliga 2015/2016"]
[Date "2015.12.12"]
[Round "4.6"]
[White "Janning, Rainer"]
[Black "Borutta, Niklas"]
[Result "1/2-1/2"]
[WhiteElo "1849"]
[BlackElo "2048"]
[PlyCount "54"]
[EventDate "2015.??.??"]
[SourceDate "2015.09.11"]

1. f4 d5 2. e3 g6 3. Nf3 Bg7 4. d4 Nh6 5. Bd3 O-O 6. O-O Nf5 7. c3 Nd6 8. Nbd2
Nd7 9. e4 dxe4 10. Nxe4 Nxe4 11. Bxe4 c5 12. dxc5 Nxc5 13. Qxd8 Rxd8 14. Bc2 b6
15. Be3 Ba6 16. Rfd1 Be2 17. Rxd8+ Rxd8 18. Kf2 Ba6 19. Nd4 Rd7 20. Rd1 Bb7 21.
g3 Ne4+ 22. Bxe4 Bxe4 23. Rd2 e5 24. Nb5 Rxd2+ 25. Bxd2 a6 26. Nd6 Bd5 27. c4
Be6 1/2-1/2

[Event "SC Steinfurt 1 - SG Turm Raesfeld/Erle"]
[Site "Regionalliga 2015/2016"]
[Date "2015.12.12"]
[Round "4.7"]
[White "Bergemann, Martin"]
[Black "Schlitter, Klaus"]
[Result "0-1"]
[WhiteElo "1897"]
[BlackElo "1877"]
[PlyCount "76"]
[EventDate "2015.??.??"]
[SourceDate "2015.09.11"]

1. d4 Nf6 2. Nf3 e6 3. Bg5 h6 4. Bh4 b6 5. Nbd2 Bb7 6. e3 c5 7. c3 cxd4 8. exd4
Be7 9. Ne5 a6 10. Ndf3 Qc7 11. Qc2 d6 12. Nd3 Nbd7 13. Be2 b5 14. a4 O-O 15.
O-O Rfc8 16. axb5 axb5 17. Qb3 Qc4 18. Qc2 Rxa1 19. Rxa1 Bxf3 20. Bxf3 Qxd4 21.
Qe2 Qxh4 22. Nb4 Qc4 23. Qe1 Nb6 24. Ra7 Bf8 25. Be2 Qe4 26. Qf1 Nc4 27. Bd3
Qe5 28. Ra2 d5 29. Nc2 Bc5 30. h3 Ne4 31. Bxe4 Qxe4 32. b3 Nd6 33. Kh1 d4 34.
f3 Qd5 35. cxd4 Bxd4 36. Qd3 Nf5 37. g4 Rc3 38. Qd1 Rxf3 0-1

[Event "SC Steinfurt 1 - SG Turm Raesfeld/Erle"]
[Site "Regionalliga 2015/2016"]
[Date "2015.12.12"]
[Round "4.8"]
[White "Schulz, Joachim"]
[Black "Kadenbach, Wolfgang"]
[Result "1-0"]
[WhiteElo "1927"]
[BlackElo "1731"]
[PlyCount "79"]
[EventDate "2015.??.??"]
[SourceDate "2015.09.11"]

1. d4 e6 2. Nf3 f5 3. g3 Nf6 4. Bg2 d5 5. O-O Be7 6. Nbd2 O-O 7. Ne1 Nbd7 8.
Nd3 Ne4 9. Nf3 Ndf6 10. Nfe5 Bd7 11. c3 c6 12. f3 Nd6 13. Nf2 Be8 14. Qc2 Nf7
15. Nxf7 Bxf7 16. Bg5 h6 17. Bxf6 Bxf6 18. e4 fxe4 19. fxe4 Bg6 20. Qb3 Qb6 21.
Rae1 Qxb3 22. axb3 Rae8 23. Nd3 Bd8 24. Rxf8+ Kxf8 25. Ne5 Bxe4 26. Bxe4 dxe4
27. Rxe4 Bf6 28. Nd7+ Kf7 29. Nc5 Re7 30. Nd3 g5 31. g4 a5 32. Re1 Rd7 33. Nc5
Re7 34. Ne4 Kg6 35. Ra1 b6 36. Rf1 Bg7 37. Nd6 Rd7 38. Nc4 Rb7 39. Re1 Kf7 40.
Nd6+ 1-0